00711nam a2200241Ia 4500003000400000005001700004006001800021007000300039008004100042037001700083040001800100041001300118082001300131100002400144245005800168260004600226300001700272650002000289700002300309942002100332999001900353952009700372OSt20220925165341.0a|||||r|||| 00| 0ta220923b |||||||| |||| 00| 0 eng d cGeneral Book aRTLcRTLbeng 2engaeng aX:8D, N0 aRathnam P V9233135 0aRathnam's financial adviserbTheory problems and s  aAllhabadbKitab Mamal India c1990 aiv,638pccm. aFinence9233136 a Lalitha P9233137 hX:8D, N0cGB2CC c477037d477037 00104070aRTLbRTLd2022-09-25l0oX:8D N0pRT1048358r2022-09-25 00:00:00w2022-09-25yGB